000 00658nam a2200277Ia 4500
008 210210b2008 xxu||||| |||| 00| 0 eng d
041 _aeng
082 _a519.5 BYAB
100 _aBYARI (Ibrahim)
245 _aBusiness statistics and mathematics: A text book for II Semester BCom
260 _aMangalore
_bMangala publications
_c2008
300 _aiv--140
650 _atext
650 _astatistics
650 _aSemester
650 _amathematics:
650 _aII
650 _afor
650 _aBusiness
650 _abook
650 _aBCom
650 _aand
650 _aA
690 _aBusiness Statistics
906 _aSG05077
999 _c136304
_d136304